000 00844nam a2200241 i 4500
005 20260430151815.0
008 260430s2025 my a gr 000 fbmay d
020 _a9789672813453
_cRM45.00
_qpaperback
040 _aPPAK
_beng
_cPPAK
_erda
082 0 4 _223
_a899.2333
090 0 0 _a899.2333
_bLIO
_dG
100 0 _aLiohayes,
_eauthor.
245 1 0 _aDIA LAKARAN INDAH /
_cLIOHAYES ; Ilustrasi Muka Depan: RC Publication ; Editing: RC Publication
264 1 _aBandar Pusat Jengka, Pahang :
_bRinsya Chasiani,
_c2025
300 _a506 pages :
_billustrations ;
_c21 cm
336 _atext
_2rdacontent
337 _aunmediated
_2rdamedia
338 _avolume
_2rdacarrier
650 1 0 _aMalay fiction
650 2 4 _aMalaysian fiction (Malay)
710 2 _aRC Publication,
_eillustrator
_eeditor.
942 _2ddc
_cB
999 _c204069
_d204069